4th gen Kpop groups by song - Statistics

General Stats
  • This quiz has been taken 388 times
  • The average score is 9 of 14
Answer Stats
Hint Answer % Correct
Savage Aespa
86%
Icy ITZY
86%
Blue Hour TXT
86%
Sour Grapes Le Sserafim
78%
Oh My God (G)I-DLE
77%
Venom Stray Kids
76%
Accendio Ive
75%
Hurt New Jeans
70%
Deja Vu Ateez
63%
Bubble StayC
60%
Chaconne Enhypen
49%
Why Not? LOONA
34%
Back Down P1Harmony
34%
Just Did It Nmixx
21%
No matching quizzes found
Score Distribution
Percent of People with Each Score
Percentile by Number Answered
Your Score History
You have not taken this quiz